Online
Catalog

La codificación del derecho del trabajo en Santo Domingo ; (Record no. 15450)

MARC details
000 -CABECERA
campo de control de longitud fija 01212nam a2200277 a 4500
001 - NÚMERO DE CONTROL
campo de control 000015908
005 - FECHA Y HORA DE LA ÚLTIMA TRANSACCIÓN
campo de control 20230331073627.0
008 - DATOS DE LONGITUD FIJA--INFORMACIÓN GENERAL
campo de control de longitud fija 100222s1981 dr 000 0 spa d
040 ## - FUENTE DE LA CATALOGACIÓN
Centro catalogador/agencia de origen DO-SdBNP
Lengua de catalogación spa
Centro/agencia transcriptor BNPHU
082 ## - NÚMERO DE LA CLASIFICACIÓN DECIMAL DEWEY
Número de clasificación 344.729301
Número de documento/Ítem H557c,1981
100 ## - ENTRADA PRINCIPAL--NOMBRE DE PERSONA
Nombre de persona Hernández Rueda, Lupo,
Fechas asociadas al nombre 1930-2017
9 (RLIN) 23790
245 13 - MENCIÓN DE TÍTULO
Título La codificación del derecho del trabajo en Santo Domingo ;
Resto del título Del procedimiento en materia de trabajo /
Mención de responsabilidad, etc. Lupo Henández Rueda.
246 13 - FORMA VARIANTE DE TÍTULO
Título propio/Titulo breve Del procedimiento en materia de trabajo
260 ## - PUBLICACIÓN, DISTRIBUCIÓN, ETC.
Lugar de publicación, distribución, etc. Santo Domingo :
Nombre del editor, distribuidor, etc. Instituto Nacional de Estudios Laborales,
Fecha de publicación, distribución, etc. 1981.
300 ## - DESCRIPCIÓN FÍSICA
Extensión 87 p. ;
Dimensiones 22 cm.
500 ## - NOTA GENERAL
Nota general Incluye datos biográficos del autor en la contracubierta.
501 ## - NOTA DE "CON"
Nota de “Con” Publicado con: Del procedimiento en materia de trabajo.
504 ## - NOTA DE BIBLIOGRAFÍA, ETC.
Nota de bibliografía, etc. Incluye bibliografía y notas al pie de páginas.
563 ## - NOTA DE ENCUADERNACIÓN
Nota de encuadernación Dos obras encuadernadas juntas con paginación continua.
590 ## - NOTA LOCAL (RLIN)
Nota local Inventariado,2018/VM
650 #4 - PUNTO DE ACCESO ADICIONAL DE MATERIA--TÉRMINO DE MATERIA
Término de materia o nombre geográfico como elemento de entrada Derecho laboral
Subdivisión geográfica República Dominicana
9 (RLIN) 7337
650 #4 - PUNTO DE ACCESO ADICIONAL DE MATERIA--TÉRMINO DE MATERIA
Término de materia o nombre geográfico como elemento de entrada Derecho de los trabajadores
Subdivisión geográfica República Dominicana
9 (RLIN) 16516
650 #4 - PUNTO DE ACCESO ADICIONAL DE MATERIA--TÉRMINO DE MATERIA
Término de materia o nombre geográfico como elemento de entrada Legislacion laboral
9 (RLIN) 16517
740 0# - PUNTO DE ACCESO ADICIONAL--TÍTULO RELACIONADO O ANALÍTICO NO CONTROLADO
Título relacionado o analítico no controlado Del procedimiento en materia de trabajo
910 ## - DATOS DE OPCIÓN DEL USUARIO (OCLC)
Datos de opción del usuario Validado. Control de calidad EMS.
Holdings
Estado de retiro Estado de pérdida No para préstamo Código de colección Localización permanente Ubicación/localización actual Ubicación en estantería Fecha de adquisición Número de inventario Total de préstamos Signatura topográfica completa Código de barras Fecha visto por última vez Precio válido a partir de Tipo de ítem Koha Número de copia Restricciones de uso
    Excluido de préstamo Patrimonio Dominicano Patrimonio Dominicano Patrimonio Dominicano Depósito 22.02.2010 LF1   344.729301 H557c,1981 15908-10 25.06.2020 25.06.2020 Libro y Folleto Colección Patrimonio Dominicano    
    Excluido de préstamo Patrimonio Dominicano Patrimonio Dominicano Patrimonio Dominicano Depósito 22.02.2010 LF1   344.729301 H557c,1981 15908-20 25.06.2020 25.06.2020 Libro y Folleto Colección Patrimonio Dominicano e. 2  
      Dominicana de Servicio Patrimonio Dominicano Patrimonio Dominicano Depósito 22.02.2010 LF1   344.729301 H557c,1981 15908-30 25.06.2020 25.06.2020 Libro y Folleto Colección Dominicana de Servicio e. 3  
      Dominicana de Servicio Patrimonio Dominicano Patrimonio Dominicano Depósito 01.03.2010 LF1   344.729301 H558c,1981 15908-40 25.06.2020 25.06.2020 Libro y Folleto Colección Dominicana de Servicio e. 4  

Powered by Koha